000 00709nam a2200217Ia 4500
001 1309
003 GE_BSU
008 181216s||||||||xx |||||||||||||| ||und||
040 _cGE_BSU
080 _a55(075.8)
100 _aზუხბაია ვ.
245 _aზოგადი გეოლოგია.
245 _bსახელმძღვანელო არაგეოლოგიური სპეციალობის სტუდენტთვის.
260 _aთბილისი
260 _bგანათლება
260 _c1972
300 _a303 გვ. 21 სმ.
541 _h8 ლ.
653 _aზოგადი გეოლოგია
942 _cBK
999 _c35451
_d35451